000 00760nam a2200193 i 4500
001 188431
003 ES-MaACL
005 20250804075013.0
008 180921s1959 mx |||| | spa d
100 0 _aLarroyo, Francisco.
_970364
245 1 0 _aTipos históricos de filosofar en América /
_cFrancisco Larroyo.
260 _aMéxico :
_bUniversidad Nacional de México,
_c1959.
300 _aP. 137-149 ;
_c21 cm.
490 1 _aCuadernos del Seminario de Problemas Científicos y Filosóficos ;
_vSegunda serie nº 18
650 0 4 _aFilosofía-
_zAmérica Latina
_912804
830 0 _aCuadernos del Seminario de Problemas Científicos y Filosóficos ;
_vSegunda serie nº 18
_9193031
852 _aES-MaACL
_j2088-F-17
999 _c188431
_d188431